|
|
|
|
| LEADER |
00000nab a2200000 ar4500 |
| 001 |
vtls008427485 |
| 003 |
SK-MaSNL |
| 005 |
20260303065956.0 |
| 008 |
060201c2005 xo mr|p|||||||000 b|slo |
| 015 |
|
|
|a SNBRB2006/02
|2 snkbucl
|
| 038 |
|
|
|a SNKBUCL
|
| 040 |
|
|
|a SNKBUCL
|b slo
|c SNKBUCL
|e AACR2
|
| 041 |
0 |
|
|a slo
|
| 044 |
|
|
|a xo
|c SK
|
| 080 |
|
|
|a 004.357
|2 1997
|
| 080 |
|
|
|a 681.846
|2 1997
|
| 100 |
1 |
|
|a Bezák, Branislav
|4 aut
|9 1055927
|
| 245 |
1 |
0 |
|a iRiver T20
|c Branislav Bezák
|
| 300 |
|
|
|b Obr., tab.
|
| 650 |
0 |
7 |
|a iRiver T20 (MP3 prehrávač)
|2 snkbucl
|9 1066762
|
| 650 |
0 |
7 |
|a MP3 prehrávače
|2 snkbucl
|9 19933
|
| 773 |
0 |
|
|t DiGi revue
|g Roč. 1, č. 10 (2005), s. 60
|x 1336-5754
|
| 852 |
|
|
|a SNK
|b KIS3GCP
|
| 999 |
|
|
|c 1753489
|d 1755419
|